000 01446nam a2200337 a 4500
001 vtls001229288
003 NLI
005 20241220132907.0
008 120330s1981 dcuab i000 0 eng
040 _aNLI
_cFOD
_eAACR2
_beng
041 0 _aeng
044 _adcu
082 0 4 _aUS 557.9429
_223rd ed.
_bH 533((1981)
100 1 _aHietanen, Anna Martta,
_d1909-
_9667092
_6880-01
245 1 0 _aPetrologic and structural studies in the northwestern Sierra Nevada, California
_6880-02
260 _aWashington :
_bUnited States Government Printing Office,
_c1981
300 _a68 p. :
_bill., maps (some col.) ;
_c29 cm.
440 0 _aGeological Survey professional paper ;
_v1226-A-C
_9419393
500 _aTwo folded col. maps in pocket
505 0 _aGeology west of the Melones Fault between the Feather and north Yuba rivers, California / by Anna Hietanen -- The Feather River area as a part of the Sierra Nevada suture system in California / by Anna Hietanen -- Extension of Sierra Nevada-Klamath suture system into eastern Oregon and western Idaho / by Anna Hietane
650 0 _aGeology
_zCalifornia
_9666462
650 0 _aFaults (Geology)
_zCalifornia
_9669441
650 0 _aFaults (Geology)
_zOregon
_9669442
650 0 _aFaults (Geology)
_zIdaho
_9669443
700 1 _6880-03
710 2 _aGeological Survey (U.S.)
_9606127
852 _aNAB
_cFOD(Stack)
880 1 _6100-01
887 _aSanjib Karmakar
942 _2ddc
_cBKS
999 _c532142
_d532142